1724 1000 1780 1455 1742 1481 1099 1886 1558 1326 1307 1656 1392 1266 1615 1915 1789 1233 1176 1590 1717 1654 1034 1646 1824 1358 1420 1942 1680 1142 1666 1634 1973 1022 1557 1068 1683 1090 1262 1310 1708 1216 1683 1939 1364 1657 1139 1484 1158 1261 1119 1989 1051 1521 1815 1399 1500 1650 1773 1544 1670 1167 1492 1921 1159 1366 1511 1082 1434 1877 1433 1771 1892 1115 1008 1803 1861 1486 1623 1003 1588 1061 1725 1661 1746 1408 1814 1112 1599 1371 1887 1285 1144 1099 1177 1549 1473 1864 1754 BCNSPRNW ULIB Ver.6.0+V

เปลี่ยนเป็นภาษาไทย

Change to English
 แสดงรายละเอียดบรรณานุกรม
  กลับหน้าหลัก

Brief Record : Get Marc (ISO 2709) : E-mail record : QR code < ปิดหน้าต่าง
LEADER : 00000nam 2200000uu 4500
001    13399108460
003     ULIB
008    110304s2552||||th 000 0 tha d
020    9786111100617
060 04 WY152^bอ373ก 2552
100 0  อรวรรณ แผนคง
245 10 การพยาบาลผู้สูงอายุ /^cอรวรรณ แผนคง
250    พิมพ์ครั้งที่ 1
260    นนทบุรี :^bโครงการสวัสดิการวิชาการ สถาบันพระบรมราชชนก,^c2552
300    147 หน้า ;^c26 ซม.
650  7 การพยาบาลผู้สูงอายุ
650  7 เวชศาสตร์วัยชรา
650  7 ผู้สูงอายุ^xการดูแล
710 2  สถาบันพระบรมราชชนก. ^bโครงการสวัสดิการวิชาการ
945    ^p230^l0^i027131
945    ^p230^l0^i027130
945    ^p230^l0^i027129
945    ^p230^l0^i027128
945    ^p230^l0^i027126
945    ^p230^l0^i027125
945    ^p230^l0^i027132
945    ^p230^l0^i027127
995    ทศพร
999 ^a ใช้งานได้ทุกระบบ
รายการนี้ยังไม่มีแท็ก
คุณยังไม่ได้ล็อกอิน คุณสามารถมีกิจกรรมร่วมกับเว็บไซต์ได้ แต่ต้องล็อกอินก่อน ::
  ล็อกอิน

รายการสื่อสารสนเทศ

ลำดับที่ ประเภท เลขเรียก/บาร์โค้ด สถานที่ สถานะ
- ไม่พบข้อมูล -

รายการใกล้เคียง
    ผู้แต่ง [อรวรรณ แผนคง]

    หัวเรื่อง [การพยาบาลผู้สูงอายุ]
    หัวเรื่อง [เวชศาสตร์วัยชรา]
    หัวเรื่อง [ผู้สูงอายุ การดูแล]

BibComment


ยังไม่เคยถูกคอมเมนท์

คอมเมนท์ทรัพยากรรายการนี้
  คอมเมนท์: การพยาบาลผู้สูงอา..


 Copyright 2026. Bcnsprnw @Library